Actors who worked with James Wan - Statistics

General Stats
  • This quiz has been taken 11 times
  • The average score is 12 of 51
Answer Stats
Films Answer % Correct
Aquaman, Aquaman and the Lost Kingdom Jason Momoa
75%
Insidious, The Conjuring, Insidious: Chapter 2, The Conjuring 2, Aquaman, Aquaman and the Lost Kingdom Patrick Wilson
75%
Saw Danny Glover
63%
Furious 7 Dwayne Johnson
63%
Furious 7 Paul Walker
63%
Furious 7 Vin Diesel
63%
Aquaman, Aquaman and the Lost Kingdom Amber Heard
50%
Death Sentence Kevin Bacon
50%
Furious 7 Kurt Russell
50%
Furious 7 Michelle Rodriguez
50%
Aquaman, Aquaman and the Lost Kingdom Nicole Kidman
50%
The Conjuring, The Conjuring 2 Vera Farmiga
50%
Saw Cary Elwes
38%
Aquaman, Aquaman and the Lost Kingdom Dolph Lundgren
38%
Dead Silence Donnie Wahlberg
38%
Furious 7 Ludacris
38%
Furious 7 Elsa Pataky
25%
Death Sentence John Goodman
25%
Furious 7 Jordana Brewster
25%
Furious 7 Nathalie Emmanuel
25%
Furious 7 Ronda Rousey
25%
Aquaman, Aquaman and the Lost Kingdom Yahya Abdul-Mateen II
25%
Dead Silence Amber Valletta
13%
Death Sentence Garrett Hedlund
13%
The Conjuring Joey King
13%
Aquaman Ludi Lin
13%
Aquaman and the Lost Kingdom Martin Short
13%
Aquaman, Aquaman and the Lost Kingdom Randall Park
13%
Insidious, Insidious: Chapter 2, Rose Byrne
13%
Dead Silence Ryan Kwanten
13%
Aquaman, Aquaman and the Lost Kingdom Temuera Morrison
13%
Furious 7 Tony Jaa
13%
Furious 7 Tyrese Gibson
13%
Insidious, Insidious: Chapter 2 Ty Simpkins
13%
Malignant Annabelle Wallis
0%
Insidious, Insidious: Chapter 2, Barbara Hershey
0%
The Conjuring 2 Frances O'Connor
0%
Aquaman Graham McTavish
0%
Furious 7 Jason Stathem
0%
Insidious: Chapter 2 Jenna Ortega
0%
Dead Silence, Death Sentence Judith Roberts
0%
Death Sentence Kelly Preston
0%
Saw Ken Leung
0%
The Conjuring Lili Taylor
0%
Insidious, Insidious: Chapter 2, Lin Shaye
0%
The Conjuring Mackenzie Foy
0%
The Conjuring 2, Malignant Madison Wolfe
0%
Saw Michael Emerson
0%
Saw Monica Potter
0%
The Conjuring Ron Livingston
0%
Aquaman and the Lost Kingdom Vincent Regan
0%
No matching quizzes found
Score Distribution
Percent of People with Each Score
Percentile by Number Answered
Your Score History
You have not taken this quiz